000 00533nam a2200193Ia 4500
005 20250508160447.0
008 008 250505s9999 xx 000 0 eng d
037 _aTextual
040 _aFEDL
_beng
_cFEDL
041 _aeng
_2eng
084 _a027.8222, SCH
_qFEDL
245 0 _aLibrary in the primary school
250 _a2nd
260 _aLondon, UK
_bSchool Library Association
_c1966
300 _a92p.
650 _aSchool Libraries
_9756592
942 _cTEXL
_h027.8222, SCH
999 _c1364731
_d1364731